Aviation Psychology and Applied Human Factors

書誌詳細
フォーマット: 電子媒体 雑誌
言語:English
出版事項: Cambridge University Press
オンライン・アクセス:Full text available on Research4Life (HINARI,AGORA,OARE,ARDI & GOALI)
LEADER 00939cas a2200181 a 4500
001 AALejournalResearch4Life000182
008 240902c9999 xx r poo 0 0eng d
022 |a 2192-0923 
022 |a 2192-0931 
040 |a BD-DhAAL  |c BD-DhAAL 
245 0 0 |h [electronic resource]  |a Aviation Psychology and Applied Human Factors 
260 |b Cambridge University Press 
300 |a 1 online resource 
362 0 |a v. 1 (2011) - current issue  
500 |a <strong>On-Campus Access Only (IP based access)</strong> 
506 |a Electronic access restricted to authorized BRAC University faculty, staff and students 
538 |a Mode of access: Internet 
856 4 0 |z Full text available on Research4Life (HINARI,AGORA,OARE,ARDI & GOALI)  |u https://sso.apa.org/apasso/openid_connect_login?identifier=https://connect.openathens.net&ERIGHTS_TARGET=http://psycnet.apa.org/journals/apf&entityID=http%3A%2F%2Fstsr4l.who.int%2Fadfs%2Fservices%2Ftrust&oafollow=false